=LDR 00000nam 2200000 4500 =001 INLIS000000000027219 =005 20130612125618 =008 ***********************************Ind** =035 ##$$0010-061300000027219 =041 ##$$a Ind =082 ##$$a F Rom K =090 ##$$a F Rom K, Put p =245 ##$$a Putri sari dan 7 kurcaci =260 ##$$a 2003 $b [S.l] =300 ##$$a 24 hlm, ilus, 19 cm =650 ##$$a Fiksi anak-anak =850 ##$$a NBPNMAT